000 00737cam a2200277 4500
001 WB3802-19
008 020116n2002 000 0 eng u
035 _a(Sirsi) u116345
245 _aItaly
260 _c2002
490 _aRICS European Economic Brief
_vWinter/Spring 2001/2, 4(1)
520 _aEconomic brief of the Italian property market.
590 _aWB
650 _aITALY
650 _aRESIDENTIAL SECTOR
650 _aPROPERTY-COMMERCIAL PROPERTY
650 _aEURO AREA
650 _aRICS UK ECONOMIC BRIEF
650 _aSERVICE SECTOR
650 _aRENTAL GROWTH
650 _aOFFICE SECTOR
650 _aRETAIL SECTOR
650 _aINDUSTRIAL SECTOR
690 _aINTERNATIONAL-EUROPE
942 _n0
999 _c69299
_d69299